000 00878nam a2200229 a 4500
999 _c7124
_d7124
001 7124
003 BD-JhCC
005 20180403114512.0
008 171231s1364 bg |||| ||a| 000 0 ben d
035 _a(BD-JhCC)7124
040 _aBD-JhCC
_dBD-JhCC
041 _aben
082 _a071.471
_bHAQ 1364
245 _aবাঙলা একাডেমী পত্রিকা : ভাদ্র-অগ্রহায়ণ ১৩৬৪ প্রথম বর্ষ, দ্বিতীয় সংখ্যা /
_cমুহম্মদ এনামুল হক (সম্পদিত)
_bবাঙলা একাডেমী,
260 _aঢাকা :
_bবাঙলা একাডেমী,
_c1364.
300 _a117 p. :
_c24 cm.
650 _aMagazine
650 _aNews Paper
710 _aবাঙলা একাডেমী,
942 _2ddc
_cBK